[Event "EU-Cup 37th"]
[Site "Mayrhofen"]
[Date "2022.10.06"]
[Round "4.6"]
[White "Ragger, Markus"]
[Black "Haug, Johannes"]
[Result "1-0"]
[WhiteElo "2632"]
[BlackElo "2478"]
[PlyCount "57"]
[EventDate "2022.10.03"]
[EventType "team-swiss"]
[EventRounds "7"]
[EventCountry "AUT"]
[SourceTitle "CBM 210 Extra"]
[Source "ChessBase"]
[SourceDate "2022.11.30"]
[SourceVersion "1"]
[SourceVersionDate "2022.11.30"]
[SourceQuality "1"]
[WhiteTeam "Novy Bor"]
[BlackTeam "Offerspill"]
[WhiteTeamCountry "CZE"]
[BlackTeamCountry "NOR"]

1. e4 e5 2. Nf3 Nc6 3. Bb5 a6 4. Ba4 d6 5. 0-0 Bd7 6. c4 Nf6 7. Nc3 Nd4 8. Bxd7+ Qxd7 9. Nxd4 exd4 10. Ne2 Nxe4 11. Nxd4 Ng5 12. d3 Ne6 13. Re1 0-0-0 14. Nxe6 fxe6 15. b4 Be7 16. Rb1 b6 17. Qe2 e5 18. d4 h5 19. Bb2 Qa4 20. b5 axb5 21. cxb5 Bf6 22. Rbc1 exd4 23. Rc4 Qxa2 24. Qc2 c5 25. bxc6 d3 26. Qxd3 Qxb2 27. Rc2 Qxc2 28. Qa6+ Kc7 29. Qb7# 1-0

[Event "NOR-chT Elite 2122"]
[Site "Norway"]
[Date "2022.02.04"]
[Round "4.5"]
[White "Risting, Eivind Olav"]
[Black "Haug, Johannes"]
[Result "1/2-1/2"]
[WhiteElo "2311"]
[BlackElo "2480"]
[PlyCount "90"]
[EventDate "2021.10.28"]
[EventType "team-tourn"]
[EventRounds "9"]
[EventCountry "NOR"]
[SourceTitle "EXT 2023"]
[Source "ChessBase"]
[SourceDate "2022.10.05"]
[SourceVersion "1"]
[SourceVersionDate "2022.10.05"]
[SourceQuality "1"]
[WhiteTeam "Oslo SK 1911"]
[BlackTeam "Offerspill"]
[WhiteTeamCountry "NOR"]
[BlackTeamCountry "NOR"]

1. d4 e6 2. c4 Bb4+ 3. Bd2 a5 4. Nf3 Nf6 5. g3 d5 6. Qc2 0-0 7. Bg2 Be7 8. 0-0 c6 9. Bf4 h6 10. Rd1 Nbd7 11. b3 b5 12. cxb5 cxb5 13. Bc7 Qe8 14. Nbd2 Bb7 15. Qb2 Ra6 16. Rac1 Qa8 17. Ne5 Rc8 18. Bf1 Nf8 19. Nd3 Rc6 20. Be5 Ng4 21. h3 Nxe5 22. Nxe5 R6c7 23. e3 b4 24. Nb1 a4 25. bxa4 Qxa4 26. Rxc7 Rxc7 27. Rd2 Bc8 28. Bd3 Nd7 29. Nxd7 Bxd7 30. Rc2 Rxc2 31. Qxc2 Qa7 32. Kg2 Bf6 33. Nd2 e5 34. dxe5 Bxe5 35. h4 g6 36. Nf3 Bg7 37. h5 gxh5 38. Bh7+ Kf8 39. Bf5 Bf6 40. Bxd7 Qxd7 41. Qc5+ Be7 42. Qd4 Kg8 43. e4 h4 44. exd5 hxg3 45. fxg3 Qd6 1/2-1/2

[Event "NOR-chT Elite 2122"]
[Site "Norway"]
[Date "2021.10.31"]
[Round "3.1"]
[White "Haug, Johannes"]
[Black "Mikalsen, Erlend"]
[Result "1/2-1/2"]
[WhiteElo "2480"]
[BlackElo "2368"]
[PlyCount "80"]
[EventDate "2021.10.28"]
[EventType "team-tourn"]
[EventRounds "9"]
[EventCountry "NOR"]
[SourceTitle "CBM 204 Extra"]
[Source "ChessBase"]
[SourceDate "2021.11.30"]
[SourceVersion "1"]
[SourceVersionDate "2021.11.30"]
[SourceQuality "1"]
[WhiteTeam "Offerspill"]
[BlackTeam "Alta"]
[WhiteTeamCountry "NOR"]
[BlackTeamCountry "NOR"]

1. Nf3 d5 2. e3 Nf6 3. c4 e6 4. b3 Be7 5. Bb2 0-0 6. Nc3 c5 7. cxd5 exd5 8. d4 Nc6 9. Be2 cxd4 10. Nxd4 Bc5 11. Nxc6 bxc6 12. 0-0 Qe7 13. Bf3 Bf5 14. Rc1 Rac8 15. Na4 Bd6 16. Qd4 Qc7 17. g3 Rfe8 18. Rfd1 Be5 19. Qh4 Bxb2 20. Nxb2 Be4 21. Bxe4 Nxe4 22. Na4 Qe5 23. Rd3 Qf5 24. Qf4 Nxg3 25. Qxf5 Nxf5 26. Rdc3 Re6 27. Rc5 Ne7 28. Nc3 Rb8 29. Ne2 Rb6 30. Nd4 Rg6+ 31. Kf1 Kf8 32. a4 Ke8 33. a5 Rb7 34. Nxc6 Nxc6 35. Rxc6 Rxc6 36. Rxc6 Kd7 37. Ra6 Rxb3 38. Rxa7+ Ke6 39. Ra6+ Ke5 40. Ra7 Ke6 1/2-1/2

[Event "NOR-chT Elite 2122"]
[Site "Norway"]
[Date "2021.10.29"]
[Round "1.2"]
[White "Lund, Gunnar"]
[Black "Haug, Johannes"]
[Result "1/2-1/2"]
[WhiteElo "2283"]
[BlackElo "2480"]
[PlyCount "79"]
[EventDate "2021.10.28"]
[EventType "team-tourn"]
[EventRounds "9"]
[EventCountry "NOR"]
[SourceTitle "CBM 204 Extra"]
[Source "ChessBase"]
[SourceDate "2021.11.30"]
[SourceVersion "1"]
[SourceVersionDate "2021.11.30"]
[SourceQuality "1"]
[WhiteTeam "Tromsoe"]
[BlackTeam "Offerspill"]
[WhiteTeamCountry "NOR"]
[BlackTeamCountry "NOR"]

1. d4 Nf6 2. Bf4 d5 3. e3 e6 4. Nf3 Bd6 5. Nbd2 c5 6. dxc5 Bxc5 7. Bd3 Nc6 8. a3 Qe7 9. b4 Bb6 10. e4 Nh5 11. Bg5 f6 12. Be3 Bxe3 13. fxe3 f5 14. exd5 exd5 15. Qe2 Nf6 16. 0-0 0-0 17. Nd4 g6 18. c4 Ne5 19. Rac1 Nxd3 20. Qxd3 Ng4 21. Rce1 Qc7 22. N4f3 dxc4 23. Qd5+ Kg7 24. Qd4+ Kg8 25. Qd5+ Qf7 26. Qxf7+ Rxf7 27. Nxc4 Be6 28. Nce5 Nxe5 29. Nxe5 Rc7 30. e4 fxe4 31. Rxe4 Bf5 32. Re3 Re8 33. Rfe1 b6 34. Nf3 Rxe3 35. Rxe3 Kf8 36. Kf2 Rc2+ 37. Re2 Rc3 38. Re3 Rc2+ 39. Re2 Rc3 40. Re3 1/2-1/2

[Event "Paleochora op 14th"]
[Site "Paleochora"]
[Date "2021.07.30"]
[Round "9"]
[White "Haug, Johannes"]
[Black "Mullon, Jean Baptiste"]
[Result "1-0"]
[WhiteElo "2487"]
[BlackElo "2357"]
[PlyCount "95"]
[EventDate "2021.07.23"]
[EventType "swiss"]
[EventRounds "9"]
[EventCountry "GRE"]
[SourceTitle "EXT 2022"]
[Source "ChessBase"]
[SourceDate "2021.10.06"]
[SourceVersion "1"]
[SourceVersionDate "2021.10.06"]
[SourceQuality "1"]

1. Nf3 Nf6 2. c4 c6 3. Nc3 d5 4. e3 e6 5. b3 Bd6 6. Bb2 Nbd7 7. Qc2 Qe7 8. Be2 0-0 9. Rg1 e5 10. g4 Nb6 11. cxd5 cxd5 12. Nb5 e4 13. Nfd4 Bd7 14. g5 Ne8 15. Nxd6 Nxd6 16. Qc3 Rfc8 17. Nc6 Qf8 18. Ne7+ Kh8 19. Nxc8 Rxc8 20. Qb4 Nf5 21. Qxf8+ Rxf8 22. d3 Bc6 23. Rc1 Kg8 24. a4 Re8 25. a5 Nc8 26. a6 Ncd6 27. d4 h6 28. g6 Rb8 29. Ba3 Be8 30. Rc5 fxg6 31. Rxd5 Nf7 32. axb7 Rxb7 33. Bc4 Kh7 34. Kd1 Ng5 35. Rd8 Bf7 36. Kc2 Nf3 37. Rd1 Nxh2 38. Bxf7 Rxf7 39. d5 Ng4 40. Rd2 g5 41. d6 Kg6 42. d7 h5 43. Rf8 Rxd7 44. Rxd7 Nxf2 45. Rxf5 Kxf5 46. Rf7+ Kg4 47. Rxf2 h4 48. Kd2 1-0

[Event "Paleochora op 14th"]
[Site "Paleochora"]
[Date "2021.07.28"]
[Round "7"]
[White "Haug, Johannes"]
[Black "Ochedzan, Tymon"]
[Result "1-0"]
[WhiteElo "2487"]
[BlackElo "2334"]
[PlyCount "71"]
[EventDate "2021.07.23"]
[EventType "swiss"]
[EventRounds "9"]
[EventCountry "GRE"]
[SourceTitle "EXT 2022"]
[Source "ChessBase"]
[SourceDate "2021.10.06"]
[SourceVersion "1"]
[SourceVersionDate "2021.10.06"]
[SourceQuality "1"]

1. d4 Nf6 2. c4 g6 3. Nc3 Bg7 4. e4 0-0 5. h3 d6 6. Be3 Na6 7. g4 e5 8. d5 Nc5 9. f3 a5 10. Qd2 Ne8 11. h4 f5 12. g5 Rf7 13. Bh3 Bd7 14. 0-0-0 a4 15. exf5 gxf5 16. Nge2 a3 17. b3 Qe7 18. h5 Rf8 19. Rdg1 e4 20. h6 Nd3+ 21. Kb1 Be5 22. fxe4 fxe4 23. Nxe4 Bxh3 24. Rxh3 Nb2 25. Nf6+ Kh8 26. Ng4 Qd7 27. Qc2 b5 28. g6 hxg6 29. Qxg6 bxc4 30. Nxe5 dxe5 31. Qg7+ Nxg7 32. hxg7+ Kg8 33. gxf8Q+ Kxf8 34. Rh8+ Ke7 35. Rh7+ Kd6 36. Rg6+ 1-0

[Event "Fagernes op"]
[Site "Fagernes"]
[Date "2020.10.09"]
[Round "7"]
[White "Elsness, Frode"]
[Black "Haug, Johannes"]
[Result "0-1"]
[WhiteElo "2454"]
[BlackElo "2481"]
[PlyCount "76"]
[EventDate "2020.10.04"]
[EventType "swiss"]
[EventRounds "9"]
[EventCountry "NOR"]
[SourceTitle "EXT 2021"]
[Source "ChessBase"]
[SourceDate "2020.10.23"]
[SourceVersion "1"]
[SourceVersionDate "2020.10.23"]
[SourceQuality "1"]

1. d4 Nf6 2. c4 e6 3. Nc3 Bb4 4. e3 0-0 5. Bd3 c5 6. Nge2 d5 7. cxd5 cxd4 8. exd4 Nxd5 9. 0-0 Nc6 10. Nxd5 exd5 11. Be3 Bd6 12. Nf4 Bxf4 13. Bxf4 Nxd4 14. Bxh7+ Kxh7 15. Qxd4 Be6 16. Rfc1 Qh4 17. Rc7 b6 18. Rac1 Rfc8 19. h3 Qh5 20. Be5 Qg5 21. Kh2 Qg6 22. R1c3 Rxc7 23. Rxc7 Kg8 24. f3 f6 25. Bg3 Qe8 26. h4 b5 27. Bd6 Qd8 28. Qf4 Rc8 29. Rxa7 Rc6 30. Bc7 Qe8 31. Qg3 Bd7 32. Bf4 Kh7 33. Be3 Rc4 34. b3 Rc8 35. Bd4 Ra8 36. Rb7 Rxa2 37. Bxf6 gxf6 38. Qg4 Ra7 0-1

[Event "Fagernes op"]
[Site "Fagernes"]
[Date "2020.10.07"]
[Round "5"]
[White "Haug, Johannes"]
[Black "Hobber, Anders"]
[Result "1/2-1/2"]
[WhiteElo "2481"]
[BlackElo "2386"]
[PlyCount "55"]
[EventDate "2020.10.04"]
[EventType "swiss"]
[EventRounds "9"]
[EventCountry "NOR"]
[SourceTitle "EXT 2021"]
[Source "ChessBase"]
[SourceDate "2020.10.23"]
[SourceVersion "1"]
[SourceVersionDate "2020.10.23"]
[SourceQuality "1"]

1. Nf3 d5 2. e3 Nf6 3. c4 c6 4. Nc3 g6 5. cxd5 cxd5 6. d4 Bg7 7. Qb3 0-0 8. Be2 Nc6 9. 0-0 Na5 10. Qb4 Nc6 11. Qb3 Na5 12. Qa3 Bg4 13. h3 Bxf3 14. Bxf3 e6 15. b3 Nc6 16. Rd1 Re8 17. Bd2 Bf8 18. Qb2 Nd7 19. Na4 b5 20. Nc3 Qb6 21. Be1 Nf6 22. Be2 a6 23. Rdc1 Rec8 24. Bd3 Bd6 25. Ne2 Nb4 26. Rxc8+ Rxc8 27. Bxb4 Bxb4 28. Rc1 1/2-1/2

[Event "Fagernes op"]
[Site "Fagernes"]
[Date "2020.10.04"]
[Round "1"]
[White "Haug, Johannes"]
[Black "Royset, Pal"]
[Result "1-0"]
[WhiteElo "2481"]
[BlackElo "2150"]
[PlyCount "111"]
[EventDate "2020.10.04"]
[EventType "swiss"]
[EventRounds "9"]
[EventCountry "NOR"]
[SourceTitle "EXT 2022"]
[Source "ChessBase"]
[SourceDate "2021.10.06"]
[SourceVersion "1"]
[SourceVersionDate "2021.10.06"]
[SourceQuality "1"]

1. Nf3 Nf6 2. c4 c6 3. Nc3 d5 4. d4 g6 5. cxd5 cxd5 6. Bf4 Bg7 7. h3 Nc6 8. Qb3 0-0 9. e3 a6 10. Be2 e6 11. 0-0 b5 12. Rfc1 Bb7 13. Ne5 Na5 14. Qd1 Qe7 15. Nd3 Rfc8 16. Nc5 Nd7 17. Nxb7 Nxb7 18. a4 b4 19. Na2 a5 20. Rxc8+ Rxc8 21. Rc1 Rxc1 22. Nxc1 g5 23. Bc7 Ndc5 24. Bh2 Ne4 25. Qc2 Bf8 26. Nb3 Qd8 27. Qc7 Qxc7 28. Bxc7 Bd6 29. Bb6 Be7 30. Nxa5 Nxa5 31. Bxa5 Nd2 32. Bc7 Nc4 33. a5 Bd6 34. Bxd6 Nxd6 35. Kf1 Kf8 36. Ke1 Ke7 37. Kd2 Kd7 38. Kc2 Kc6 39. Kb3 f6 40. Kxb4 e5 41. Bd3 h5 42. Ka4 e4 43. Be2 h4 44. b4 f5 45. b5+ Kb7 46. Kb4 f4 47. exf4 gxf4 48. Kc5 Nf5 49. Kxd5 e3 50. Ke4 Nd6+ 51. Kxf4 exf2 52. Ke3 Nf5+ 53. Kxf2 Nxd4 54. Bd3 Nb3 55. a6+ Kb6 56. Kf3 1-0

[Event "Online Olym Div Top-B"]
[Site "Chess.com INT"]
[Date "2020.08.23"]
[Round "7.5"]
[White "Haug, Johannes"]
[Black "Bressy, Theo"]
[Result "1-0"]
[WhiteElo "2428"]
[BlackElo "2289"]
[PlyCount "127"]
[EventDate "2020.08.21"]
[EventType "team-tourn (rapid)"]
[EventRounds "9"]
[EventCountry "USA"]
[SourceTitle "CBM 198"]
[Source "ChessBase"]
[SourceDate "2020.10.31"]
[SourceVersion "1"]
[SourceVersionDate "2020.10.31"]
[SourceQuality "1"]
[WhiteTeam "Norway"]
[BlackTeam "France"]
[WhiteTeamCountry "NOR"]
[BlackTeamCountry "FRA"]

1. e4 e6 2. d4 d5 3. Nc3 Nf6 4. e5 Nfd7 5. f4 c5 6. Nf3 Nc6 7. Be3 a6 8. Qd2 b5 9. Nd1 g5 10. dxc5 gxf4 11. Bxf4 Bxc5 12. Ne3 f6 13. Ng4 fxe5 14. Ngxe5 Ndxe5 15. Nxe5 Nxe5 16. Bxe5 Qh4+ 17. Bg3 Qe4+ 18. Qe2 Qxe2+ 19. Bxe2 Bd4 20. 0-0-0 Bf6 21. Bh5+ Ke7 22. Rhe1 Rd8 23. Rd3 Ra7 24. Rf3 Rf8 25. Ref1 Bg5+ 26. Kd1 Rxf3 27. Rxf3 Bf6 28. Bh4 Bxh4 29. Rf7+ Kd6 30. Rxa7 Be7 31. Be2 e5 32. a4 bxa4 33. Bxa6 Bd7 34. Be2 e4 35. Ra5 Bf6 36. c3 Bd8 37. Ra8 Bf6 38. Ra6+ Ke7 39. Ra7 Kd6 40. Rb7 a3 41. Rb6+ Ke7 42. Rxf6 Ba4+ 43. Kd2 Kxf6 44. bxa3 Ke5 45. Bd1 Bc6 46. Ke3 h6 47. g3 Bd7 48. a4 Bc8 49. Be2 Bb7 50. h4 Bc8 51. a5 Bd7 52. a6 Bc6 53. g4 Bd7 54. a7 Bc6 55. Bd1 Ba8 56. Be2 Bc6 57. Bf1 Ba8 58. Bh3 Bc6 59. g5 hxg5 60. hxg5 Ba8 61. g6 Kf6 62. Bf5 Bc6 63. c4 Ba8 64. cxd5 1-0

[Event "Online Olym Div2 D"]
[Site "Chess.com INT"]
[Date "2020.08.16"]
[Round "8.5"]
[White "Haug, Johannes"]
[Black "Livaic, Leon"]
[Result "1-0"]
[WhiteElo "2428"]
[BlackElo "2507"]
[PlyCount "117"]
[EventDate "2020.08.14"]
[EventType "team-tourn (rapid)"]
[EventRounds "9"]
[EventCountry "USA"]
[SourceTitle "CBM 198"]
[Source "ChessBase"]
[SourceDate "2020.10.31"]
[SourceVersion "1"]
[SourceVersionDate "2020.10.31"]
[SourceQuality "1"]
[WhiteTeam "Norway"]
[BlackTeam "Croatia"]
[WhiteTeamCountry "NOR"]
[BlackTeamCountry "CRO"]

1. d4 Nf6 2. c4 e6 3. Nf3 d5 4. Nc3 a6 5. cxd5 exd5 6. Bf4 h6 7. e3 Bd6 8. Bg3 0-0 9. Bd3 Bxg3 10. hxg3 Qd6 11. Qc2 Be6 12. Ne5 c5 13. 0-0 cxd4 14. exd4 Nc6 15. Nxc6 Qxc6 16. f3 Ne8 17. Rac1 Nd6 18. Na4 Qxc2 19. Rxc2 Bf5 20. Rd1 Rac8 21. Rxc8 Rxc8 22. Nb6 Re8 23. Kf2 Bxd3 24. Rxd3 Nc4 25. Nxc4 dxc4 26. Rc3 b5 27. b3 cxb3 28. axb3 a5 29. Rc5 Rb8 30. g4 Kf8 31. Ke3 a4 32. bxa4 bxa4 33. Ra5 Rb3+ 34. Ke4 a3 35. Ra7 Rb2 36. Rxa3 Rxg2 37. Ke5 Re2+ 38. Kd6 g6 39. d5 h5 40. g5 h4 41. f4 Rf2 42. Ke5 Re2+ 43. Kf6 Re4 44. Ra8+ Re8 45. Ra7 Kg8 46. Rxf7 Rf8 47. Rxf8+ Kxf8 48. d6 Ke8 49. f5 h3 50. fxg6 h2 51. g7 h1Q 52. g8Q+ Kd7 53. Qe6+ Kc6 54. d7+ Kc7 55. Qe7 Qh8+ 56. Kf5 Qh3+ 57. Kg6 Qd3+ 58. Kg7 Qd4+ 59. Qf6 1-0

[Event "Paleochora op 13th"]
[Site "Paleochora"]
[Date "2020.07.20"]
[Round "4"]
[White "Haug, Johannes"]
[Black "Nevednichy, Vladislav"]
[Result "0-1"]
[WhiteElo "2458"]
[BlackElo "2531"]
[PlyCount "124"]
[EventDate "2020.07.18"]
[EventType "swiss"]
[EventRounds "9"]
[EventCountry "GRE"]
[SourceTitle "CBM 197 Extra"]
[Source "ChessBase"]
[SourceDate "2020.09.30"]
[SourceVersion "1"]
[SourceVersionDate "2020.09.30"]
[SourceQuality "1"]

1. Nf3 Nf6 2. c4 g6 3. Nc3 Bg7 4. g3 0-0 5. Bg2 d6 6. d4 c6 7. 0-0 Bf5 8. b3 Ne4 9. Bb2 Nxc3 10. Bxc3 Be4 11. Qd2 Nd7 12. Rfd1 a5 13. Qe3 d5 14. Bh3 Bxf3 15. Qxf3 Nf6 16. Qd3 e6 17. Bg2 Qe7 18. a3 Rfd8 19. c5 e5 20. dxe5 Nd7 21. f4 Nxc5 22. Qc2 Ne6 23. Be1 f6 24. exf6 Bxf6 25. Ra2 Nd4 26. Qd3 Nf5 27. Bf2 Re8 28. Bf3 Ne3 29. Bxe3 Qxe3+ 30. Qxe3 Rxe3 31. Rd3 Rxd3 32. exd3 Kf7 33. Kf1 Ke6 34. Ke1 Kd6 35. Kd1 Bd4 36. Re2 Bc5 37. a4 Bd4 38. Bg4 b5 39. f5 Be5 40. fxg6 hxg6 41. d4 Bxd4 42. Re6+ Kc5 43. Rxg6 bxa4 44. bxa4 Rf8 45. Be2 Rb8 46. Bd3 Bg1 47. h4 Kd4 48. Ba6 c5 49. Kc2 c4 50. Rg4+ Kc5 51. Rg5 Bd4 52. Rf5 Rb2+ 53. Kc1 Rb6 54. Bc8 Be3+ 55. Kc2 Kd4 56. Bd7 Ke4 57. Rf1 Rb4 58. h5 d4 59. Bc6+ Ke5 60. Re1 Rb3 61. Ra1 d3+ 62. Kd1 c3 0-1

[Event "Oslo Offerspill op"]
[Site "Oslo"]
[Date "2020.06.14"]
[Round "5"]
[White "Haug, Johannes"]
[Black "Notkevich, Benjamin Arvola"]
[Result "1-0"]
[WhiteElo "2431"]
[BlackElo "2476"]
[PlyCount "73"]
[EventDate "2020.06.10"]
[EventType "swiss"]
[EventRounds "9"]
[EventCountry "NOR"]
[SourceTitle "CBM 197 Extra"]
[Source "ChessBase"]
[SourceDate "2020.09.30"]
[SourceVersion "1"]
[SourceVersionDate "2020.09.30"]
[SourceQuality "1"]

1. d4 g6 2. e4 Bg7 3. Nf3 d6 4. Bc4 Nf6 5. Qe2 0-0 6. h3 c6 7. e5 Nd5 8. 0-0 dxe5 9. dxe5 Nd7 10. Re1 Nc5 11. Nbd2 b5 12. Nb3 bxc4 13. Nxc5 c3 14. bxc3 Qa5 15. Nb3 Qa4 16. Bd2 Rd8 17. Nfd4 Ba6 18. Qf3 Rac8 19. Nc5 Qc4 20. Ndb3 Nc7 21. Re4 Qd5 22. Qe3 f5 23. exf6 Bxf6 24. Nxa6 Nxa6 25. c4 Qf5 26. Re1 c5 27. a3 Nb8 28. Bc3 Bxc3 29. Qxc3 Nc6 30. Qe3 Qf6 31. Rf4 Qb2 32. Qe6+ Kh8 33. Rf7 Qxc2 34. Na5 Qd2 35. Nxc6 Rxc6 36. Qxe7 Rc7 37. Qe5+ 1-0

[Event "NOR-chT Elite 1920"]
[Site "Norway"]
[Date "2020.03.07"]
[Round "8.5"]
[White "Harestad, Hans Krogh"]
[Black "Haug, Johannes"]
[Result "0-1"]
[WhiteElo "2233"]
[BlackElo "2428"]
[PlyCount "72"]
[EventDate "2019.11.01"]
[EventType "team-tourn"]
[EventRounds "9"]
[EventCountry "NOR"]
[SourceTitle "CBM 195 Extra"]
[Source "ChessBase"]
[SourceDate "2020.05.31"]
[SourceVersion "1"]
[SourceVersionDate "2020.05.31"]
[SourceQuality "1"]
[WhiteTeam "SOSS"]
[BlackTeam "Nordstrand"]
[WhiteTeamCountry "NOR"]
[BlackTeamCountry "NOR"]

1. d4 Nf6 2. c4 e6 3. Nf3 d5 4. Nc3 dxc4 5. e3 a6 6. Bxc4 b5 7. Bd3 Bb7 8. 0-0 c5 9. Qe2 Nbd7 10. Rd1 Qc7 11. Bd2 Bd6 12. Rac1 c4 13. Bb1 0-0 14. e4 e5 15. d5 Nb6 16. Nh4 b4 17. Bg5 Ne8 18. b3 bxc3 19. Rxc3 f6 20. Bc1 Bb4 21. Rc2 Bc8 22. bxc4 Bc5 23. Nf5 Nd6 24. Rc3 g6 25. Ne3 Bd4 26. Rb3 Na4 27. Bd2 Nc5 28. Ra3 a5 29. Nc2 Bb2 30. Bh6 Re8 31. Re3 Nf7 32. d6 Qb6 33. Qd2 Nxh6 34. Rf3 Nf7 35. Ne3 Be6 36. Rxf6 Bd4 0-1

[Event "Gibraltar Masters 18th"]
[Site "Caleta"]
[Date "2020.01.30"]
[Round "10"]
[White "Pogonina, Natalija"]
[Black "Haug, Johannes"]
[Result "1/2-1/2"]
[WhiteElo "2479"]
[BlackElo "2407"]
[PlyCount "89"]
[EventDate "2020.01.21"]
[EventType "swiss"]
[EventRounds "10"]
[EventCountry "GGB"]
[SourceTitle "CBM 194 Extra"]
[Source "ChessBase"]
[SourceDate "2020.03.31"]
[SourceVersion "1"]
[SourceVersionDate "2020.03.31"]
[SourceQuality "1"]

1. d4 Nf6 2. c4 e6 3. g3 Bb4+ 4. Bd2 a5 5. Bg2 d5 6. Nf3 0-0 7. Qb3 Be7 8. 0-0 c6 9. Rd1 b5 10. c5 Ne4 11. Bf4 Nd7 12. Nc3 g5 13. Nxe4 gxf4 14. Nd6 fxg3 15. hxg3 Bxd6 16. cxd6 Nb6 17. Qc2 Qxd6 18. Rac1 Bd7 19. Ne5 Be8 20. e4 f6 21. Nd3 dxe4 22. Bxe4 Ra7 23. Nf4 Rg7 24. Kh2 Nd5 25. Bxd5 exd5 26. Re1 Bd7 27. Qd2 a4 28. Kg2 Re8 29. Rxe8+ Bxe8 30. Rh1 Bg6 31. Nxg6 hxg6 32. Qa5 Rd7 33. Rc1 Kg7 34. Qa8 Qe6 35. Qxc6 Qe4+ 36. Kg1 Rf7 37. Qc3 Re7 38. Qb4 g5 39. Qd6 Kg6 40. Rc6 Qe1+ 41. Kg2 Qe4+ 42. Kg1 Qe1+ 43. Kg2 Qe4+ 44. Kg1 Qe1+ 45. Kg2 1/2-1/2

[Event "Gibraltar Masters 18th"]
[Site "Caleta"]
[Date "2020.01.25"]
[Round "5"]
[White "Haug, Johannes"]
[Black "Bellahcene, Bilel"]
[Result "1-0"]
[WhiteElo "2407"]
[BlackElo "2536"]
[PlyCount "95"]
[EventDate "2020.01.21"]
[EventType "swiss"]
[EventRounds "10"]
[EventCountry "GGB"]
[SourceTitle "CBM 194 Extra"]
[Source "ChessBase"]
[SourceDate "2020.03.31"]
[SourceVersion "1"]
[SourceVersionDate "2020.03.31"]
[SourceQuality "1"]

1. e4 e5 2. Nf3 Nc6 3. Bc4 Nf6 4. d3 h6 5. 0-0 d6 6. c3 g5 7. Bb3 Bg7 8. Nbd2 Nh5 9. Nc4 Nf4 10. d4 Qf6 11. dxe5 dxe5 12. g3 Nh3+ 13. Kg2 Bd7 14. Ne3 Ne7 15. Nd5 Nxd5 16. Qxd5 c6 17. Qd3 0-0-0 18. Qe3 Kb8 19. Bd2 Rhg8 20. Ng1 Nf4+ 21. gxf4 gxf4 22. Qe2 Bf8+ 23. Kh1 Qg6 24. f3 Bc5 25. Rf2 Bc8 26. Rd1 Bxf2 27. Qxf2 h5 28. Be1 Rdf8 29. Qf1 Qg5 30. Rd2 h4 31. h3 Qe7 32. Rg2 Be6 33. Rxg8 Rxg8 34. Qf2 Bxb3 35. axb3 Qg5 36. b4 f5 37. exf5 Qxf5 38. Qxh4 e4 39. Qf2 e3 40. Qh2 Ka8 41. Qe2 a6 42. h4 Rd8 43. Kg2 Qg6+ 44. Kf1 c5 45. Nh3 Qf5 46. Kg2 Qb1 47. Nxf4 Qc1 48. bxc5 1-0

[Event "Gibraltar Masters 18th"]
[Site "Caleta"]
[Date "2020.01.21"]
[Round "1"]
[White "Haug, Johannes"]
[Black "Gostelow, David W"]
[Result "1-0"]
[WhiteElo "2407"]
[BlackElo "1901"]
[PlyCount "73"]
[EventDate "2020.01.21"]
[EventType "swiss"]
[EventRounds "10"]
[EventCountry "GGB"]
[SourceTitle "CBM 194 Extra"]
[Source "ChessBase"]
[SourceDate "2020.03.31"]
[SourceVersion "1"]
[SourceVersionDate "2020.03.31"]
[SourceQuality "1"]

1. e4 c5 2. Nf3 Nc6 3. Bb5 g6 4. Bxc6 dxc6 5. d3 Bg7 6. h3 b6 7. Nbd2 Qc7 8. 0-0 e5 9. Nc4 Be6 10. b3 Bxc4 11. bxc4 Nf6 12. Be3 0-0 13. Qc1 Rfd8 14. Bh6 Bh8 15. a4 Nd7 16. a5 b5 17. Nd2 a6 18. Be3 Bg7 19. g3 Qd6 20. Qa3 Rab8 21. Rae1 Rb7 22. Kg2 Re8 23. f4 f6 24. f5 g5 25. Qa1 Qe7 26. h4 h6 27. Rh1 Bf8 28. Rh2 Qg7 29. Reh1 Re7 30. hxg5 fxg5 31. Rxh6 Qxh6 32. Rxh6 Bxh6 33. Nf3 bxc4 34. Qc3 Rb5 35. Qxc4+ Kg7 36. Bxg5 Rf7 37. Bxh6+ 1-0

[Event "Rilton Cup 49th"]
[Site "Stockholm"]
[Date "2020.01.04"]
[Round "8"]
[White "Haug, Johannes"]
[Black "Chernyak, Viktoria"]
[Result "1/2-1/2"]
[WhiteElo "2407"]
[BlackElo "2284"]
[PlyCount "61"]
[EventDate "2019.12.27"]
[EventType "swiss"]
[EventRounds "9"]
[EventCountry "SWE"]
[SourceTitle "CBM 194 Extra"]
[Source "ChessBase"]
[SourceDate "2020.03.31"]
[SourceVersion "1"]
[SourceVersionDate "2020.03.31"]
[SourceQuality "1"]

1. d4 Nf6 2. c4 e6 3. Nf3 b6 4. g3 Bb7 5. Bg2 g6 6. Nc3 Ne4 7. Bd2 Bg7 8. Qc2 Nxd2 9. Qxd2 d6 10. e4 Nd7 11. 0-0 0-0 12. Rad1 Qe7 13. Rfe1 a6 14. b3 Rfd8 15. d5 Re8 16. Nd4 Nf8 17. f4 e5 18. Nc2 Bc8 19. Rf1 exf4 20. gxf4 Qh4 21. Rde1 Bh3 22. Nd1 Nd7 23. Re3 Bxg2 24. Qxg2 a5 25. Qg3 Qxg3+ 26. hxg3 Re7 27. Kg2 Rae8 28. Kf3 h5 29. Nf2 Nc5 30. Rfe1 Bf6 31. Rh1 1/2-1/2

[Event "Rilton Cup 49th"]
[Site "Stockholm"]
[Date "2019.12.27"]
[Round "1"]
[White "Nikolic, Vladan"]
[Black "Haug, Johannes"]
[Result "0-1"]
[WhiteElo "2217"]
[BlackElo "2407"]
[PlyCount "66"]
[EventDate "2019.12.27"]
[EventType "swiss"]
[EventRounds "9"]
[EventCountry "SWE"]
[SourceTitle "CBM 194 Extra"]
[Source "ChessBase"]
[SourceDate "2020.03.31"]
[SourceVersion "1"]
[SourceVersionDate "2020.03.31"]
[SourceQuality "1"]

1. d4 Nf6 2. c4 e6 3. Nf3 d5 4. g3 Bb4+ 5. Bd2 a5 6. Bg2 0-0 7. 0-0 dxc4 8. a3 Bxd2 9. Nbxd2 b5 10. a4 c6 11. Qc2 Nd5 12. Rfd1 Nd7 13. Ne1 N7b6 14. Ne4 Nxa4 15. Rxa4 bxa4 16. Qxc4 Ba6 17. Qxc6 Qb8 18. Qc2 Qb3 19. Nc5 Qxc2 20. Nxc2 Bxe2 21. Rd2 Bb5 22. Ne3 Nxe3 23. fxe3 Rab8 24. Kf2 Rb6 25. Ke1 Rfb8 26. Kd1 Be8 27. Nd3 Rb3 28. e4 a3 29. bxa3 Rxa3 30. d5 exd5 31. exd5 Rb1+ 32. Ke2 Bb5 33. Be4 Rbb3 0-1

[Event "NOR-ch"]
[Site "Larvik"]
[Date "2019.07.13"]
[Round "9"]
[White "Ingebretsen, Jens E"]
[Black "Haug, Johannes"]
[Result "1-0"]
[WhiteElo "2276"]
[BlackElo "2431"]
[PlyCount "79"]
[EventDate "2019.07.05"]
[EventType "swiss"]
[EventRounds "9"]
[EventCountry "NOR"]
[SourceTitle "CBM 191 Extra"]
[Source "ChessBase"]
[SourceDate "2019.09.30"]
[SourceVersion "1"]
[SourceVersionDate "2019.09.30"]
[SourceQuality "1"]

1. b3 Nf6 2. Bb2 b6 3. g3 Bb7 4. Nf3 c5 5. Bg2 g6 6. 0-0 Bg7 7. d3 d5 8. Nbd2 0-0 9. e3 Nc6 10. Ne5 Qc7 11. Nxc6 Bxc6 12. f4 Rad8 13. Be5 Qb7 14. Qe2 d4 15. Bxc6 Qxc6 16. e4 Bh6 17. Bxf6 exf6 18. h4 Rfe8 19. Qg2 b5 20. g4 Bf8 21. Rf2 c4 22. bxc4 Bb4 23. Raf1 Bxd2 24. cxb5 Qxc2 25. Rxd2 Qc5 26. f5 Rd6 27. a4 Rc8 28. Rdf2 Qe5 29. g5 Rc3 30. Rf3 fxg5 31. hxg5 a6 32. fxg6 Rxg6 33. Rf5 Qe7 34. bxa6 Rc5 35. e5 Ra5 36. Qa8+ Qf8 37. Qxf8+ Kxf8 38. Rxf7+ Ke8 39. a7 Rxg5+ 40. Kh2 1-0